Kráľovstvo za cash

Ťažko skúšaným európskym bankám dochádzajú peniaze. Opatrenia centrálnych bánk.

Gespeichert in:
Bibliographische Detailangaben
Format: Buchkapitel
Sprache:Slowakisch
Schlagworte:
Tags: Tag hinzufügen
Keine Tags, Fügen Sie das erste Tag hinzu!

MARC

LEADER 00000naa a2200000 4500
001 0146049
005 20231113073628.9
041 0 |a slo 
044 |a SK 
245 1 0 |a Kráľovstvo za cash 
520 |a Ťažko skúšaným európskym bankám dochádzajú peniaze. Opatrenia centrálnych bánk. 
610 2 0 |a banky 
610 2 0 |a banky centrálne 
610 2 0 |a Európa